A handbook for classroom management that works
This companion volume to Classroom Management That Works helps teachers at all grade levels master the array of skills that lead to a productive learning environment. Through exercises, worksheets, case studies, and other materials, readers explore the seven essential facets of effective classroom m...
Na minha lista:
| Formato: | Livro |
|---|---|
| Idioma: | Undetermined |
| Publicado em: |
Alexandria, VA :
Association for Supervision and Curriculum Development
2003
|
| Assuntos: | |
| Tags: |
Adicionar Tag
Sem tags, seja o primeiro a adicionar uma tag!
|
| Thư viện lưu trữ: | Trung tâm Học liệu Trường Đại học Cần Thơ |
|---|
| LEADER | 01271nam a2200205Ia 4500 | ||
|---|---|---|---|
| 001 | CTU_238436 | ||
| 008 | 210402s9999 xx 000 0 und d | ||
| 082 | |a 371.1024 | ||
| 082 | |b H236 | ||
| 245 | 2 | |a A handbook for classroom management that works | |
| 245 | 0 | |c Robert J. Marzano ... [et al.]. | |
| 260 | |a Alexandria, VA : | ||
| 260 | |b Association for Supervision and Curriculum Development | ||
| 260 | |c 2003 | ||
| 520 | |a This companion volume to Classroom Management That Works helps teachers at all grade levels master the array of skills that lead to a productive learning environment. Through exercises, worksheets, case studies, and other materials, readers explore the seven essential facets of effective classroom management that Robert J. Marzano identified by analyzing more than 100 research studies. Discussion questions and self-assessments for each facet help readers examine their own practices and understanding, while also providing a framework for study teams using the book for professional development. | ||
| 526 | |a Quản lý lớp học trong giảng dạy tiếng Anh | ||
| 526 | |b SPA605 | ||
| 650 | |a Classroom management,Quản lý lớp học | ||
| 910 | |a Tuyến | ||
| 980 | |a Trung tâm Học liệu Trường Đại học Cần Thơ | ||